Score 0/25 Timer 08:00
1 Play Today
% Correct
Teenage Mutant Ninja Turtles
90.9%
That '70s Show
90.8%
King of the Hill
84.7%
Sabrina, the Teenage Witch
84.7%
The Sopranos
82.4%
The Drew Carey Show
78.2%
Walker, Texas Ranger
74%
Star Trek: The Next Generation
69.7%
Animaniacs
64.8%
Daria
63.8%
Six Feet Under
59.1%
Wings
49.3%
Dr. Ken
45.8%
% Correct
Gossip Girl
45.2%
Person of Interest
42.9%
Flight of the Conchords
42.9%
In the Heat of the Night
41.9%
Revenge
39.4%
Suddenly Susan
34.6%
Las Vegas
34.1%
Homicide: Life on the Street
24.7%
Happy Endings
22.8%
The Chew
21.7%
United States of Tara
21.4%
Suburgatory
14.6%
Remove Ads.
Support Sporcle.
Get the best of Sporcle when you Go Orange. This ad-free experience offers more features, more stats, and more fun while also helping to support Sporcle. Thank you for becoming a member.

You're not logged in!

Compare scores with friends on all Sporcle quizzes.
OR
Log In

Show Comments

Extras

Top Quizzes Today


Score Distribution

Your Account Isn't Verified!

In order to create a playlist on Sporcle, you need to verify the email address you used during registration. Go to your Sporcle Settings to finish the process.

Report this User

Report this user for behavior that violates our Community Guidelines.

Details: